|
|
|
|
| LEADER |
00000cam a2200000 a 4500 |
| 001 |
vtls008373932 |
| 003 |
SK-MaSNL |
| 005 |
20260301123438.0 |
| 008 |
250313s1937 xr d 000 0 cze |
| 015 |
|
|
|a SNBA19191938-003524
|
| 035 |
|
|
|a SK01SNKBSKHR20010066149
|
| 035 |
|
|
|a urn:nbn:sk:snk-am3id4c
|
| 035 |
|
|
|a urn:nbn:sk:snk-am00e40t
|
| 035 |
|
|
|a F7BE2202-D5EA-4830-82B4-D284F99C497E
|
| 035 |
|
|
|a SKM000068612
|
| 040 |
|
|
|a SNK
|b slo
|c SNK
|e AACR2
|
| 041 |
0 |
|
|a cze
|a slo
|
| 044 |
|
|
|a xr
|c CZ
|
| 080 |
|
|
|a 801.3
|2 1981
|
| 100 |
1 |
|
|a Holub, Josef,
|d 1881-1966
|4 aut
|9 437195
|
| 245 |
1 |
0 |
|a Stručný slovník etymologický jazyka československého
|c napsal Dr. Josef Holub
|
| 250 |
|
|
|a 2. úplne prepracovné a doplnené vydanie
|
| 260 |
|
|
|a Praha
|b Československá grafická Unie
|c 1937
|e Praha
|f Československá grafická unie
|
| 300 |
|
|
|a [4], xvii, [1], 364 s.
|c 8°
|
| 504 |
|
|
|a Bibliografia na strane [363]-364 ; bibliografické odkazy
|
| 650 |
0 |
7 |
|a etymológia
|2 SNKPH
|9 16982
|
| 650 |
0 |
7 |
|a čeština
|2 SNKPH
|9 1319
|
| 655 |
|
7 |
|a slovníky
|2 SNKPH
|9 70413
|
| 655 |
|
7 |
|a etymologické slovníky
|2 SNKPH
|9 70765
|
| 852 |
|
|
|a Slovenská národná knižnica
|
| 954 |
|
|
|a odborná, vedecká literatúra cudzojazyčná (svetová)
|2 lita
|
| 958 |
|
|
|a RK
|
| 958 |
|
|
|a TL
|
| 958 |
|
|
|a OND
|
| 999 |
|
|
|c 736243
|d 738173
|
| 952 |
|
|
|a SNK
|b SNK
|y PREZ
|7 0
|p 17A0780752
|o snkSC 8201
|i snkKSK 1152/56
|8 3
|0 0
|1 0
|4 0
|d 2019-07-11
|f 1
|l 0
|r 2025-07-09 00:00:00
|w 2026-02-23
|